| 000 | 01306nam2a2200253 4500 | ||
|---|---|---|---|
| 001 | RU\NLR\bibl\1248555 | ||
| 005 | 20250615123136.0 | ||
| 010 |
_a978-5-93271-414-0 _9250 |
||
| 021 |
_aRU _b2008-36294 _91996 |
||
| 035 | _a(NLR Aleph) 001234687 | ||
| 090 |
_a220585 _c220585 |
||
| 100 | _a20080703d2007 |||y0rusy50 ca | ||
| 101 | 0 | _arus | |
| 102 | _aRU | ||
| 105 | _aa ||||||||| | ||
| 200 | 0 | _aВып. N 3 | |
| 210 |
_d2007 _aБ. м. |
||
| 215 |
_a235 с. _cил. |
||
| 461 | 0 |
_1001RU\NLR\bibl\1282822 _12001#$aТехнологии интегрированных автоматизированных систем в науке, производстве и образовании$vВып. N 3 _9424427 _cМосква _d2007 _fФедер. агентство по образованию, Гос. образоват. учреждение высш. проф. образования "МАТИ" - Рос. гос. технол. ун-т им. К.Э. Циолковского _nМАТИ _oсборник статей _tТехнологии интегрированных автоматизированных систем в науке, производстве и образовании _vВып. N 3 |
|
| 801 | 0 |
_aRU _bNLR _c20080703 _gRCR |
|
| 801 | 1 |
_aRU _bNLR _c20080703 |
|
| 942 | _cBOOK | ||
| 980 | _aNB | ||